<The> IAS SYSTEM Data Base <a> portable application of the Bx - tree

Saved in:
Bibliographic Details
Format: Book
Language:English
Published: Wien Institut für Höhere Studien 1982
Series:Research Memorandum no. 179
Tags: Add Tag
No Tags, Be the first to tag this record!

MARC

LEADER 00000nam a2200000 4500
001 c130943
005 20181203150430.1
041 0 |a eng 
044 |a AT 
245 1 0 |a <The> IAS SYSTEM Data Base  |b <a> portable application of the Bx - tree 
264 1 |a Wien  |b Institut für Höhere Studien  |c 1982 
300 |a 151 s. 
490 1 |a Research Memorandum  |v no. 179 
830 0 |a Research Memorandum  |v no. 179